| 000 -LEADER |
| fixed length control field |
00420pab a2200145 454500 |
| 008 - FIXED-LENGTH DATA ELEMENTS--GENERAL INFORMATION |
| fixed length control field |
180718b2003 xxu||||| |||| 00| 0 eng d |
| 100 ## - MAIN ENTRY--PERSONAL NAME |
| Personal name |
Pieper, Ute |
| 245 ## - TITLE STATEMENT |
| Title |
Sectoral regularities of productivity growth in development countries - a Kaldorian interpretation |
| 260 ## - PUBLICATION, DISTRIBUTION, ETC. |
| Date of publication, distribution, etc. |
2003 |
| 300 ## - PHYSICAL DESCRIPTION |
| Extent |
p.831-50. |
| 362 ## - DATES OF PUBLICATION AND/OR SEQUENTIAL DESIGNATION |
| Dates of publication and/or sequential designation |
Nov |
| 650 ## - SUBJECT ADDED ENTRY--TOPICAL TERM |
| Topical term or geographic name entry element |
Sectoral planning |
| 773 ## - HOST ITEM ENTRY |
| Main entry heading |
Cambridge Journal of Economics |
| 909 ## - |
| -- |
58941 |